000 00730nam a22002057a 4500
999 _c12308
_d12308
003 AR-CdUCM
008 190408b ||||| |||| 00| 0 spa d
020 _a968-417-011-4
040 _aMUNICIPALIDAD PROVINCIAL DEL CUSCO
_cBIBLIOTECA MUNICIPAL DEL CUSCO
082 _aEP / 372.460 / /
_bH21
100 _aHess, María Luisa
_930108
245 _aAlegría :
_bEspañol 2 /
260 _aMéxico :
_bPedagógicas,
_c1989.
300 _a160 paginas
_c27 cm.
505 _aContenido :El gigante egoísta -- El pequeño pino -- Los animales -- Transportes -- La oración -- Femenino y masculino ...
650 _aEducación primaria
_91561
650 _aCursos generales
_930109
942 _2ddc
_cLIBROS
945 _arum
_d2019-04-08